[Event "AUTO-OPEN-2187"]
[Site "http://www.queenalice.com/game.php?id=867802"]
[Date "2010.12.4"]
[Round "1"]
[White "GEORGESILVA"]
[Black "sephiras"]
[Result "1-0"]
[WhiteElo "2226"]
[BlackElo "1383"]

1. e4 e5 2. d4 exd4 3. c3 dxc3 4. Bc4 Qe7 5. Nxc3 Nf6 6. Nf3 Qb4 7. Qe2 Be7 8.
O-O b6 9. e5 Ng4 10. h3 Bb7 11. hxg4 O-O 12. a3 Bxf3 13. gxf3 Qc5 14. f4 Nc6 15.
Rd1 Nd4 16. Rxd4 Qxd4 17. Be3 Qxc4 18. Qxc4 c6 19. g5 d5 20. Qxc6 Rfd8 21. Nxd5
1-0

[Event "AUTO-OPEN-2187"]
[Site "http://www.queenalice.com/game.php?id=867803"]
[Date "2010.12.4"]
[Round "1"]
[White "sephiras"]
[Black "GEORGESILVA"]
[Result "0-1"]
[WhiteElo "1421"]
[BlackElo "2218"]

1. d4 f5 2. c4 Nf6 3. Nc3 e6 4. Bg5 Be7 5. Nf3 O-O 6. e3 d5 7. Qb3 c6 8. cxd5
exd5 9. Ne5 Nbd7 10. Bxf6 Nxf6 11. Be2 Kh8 12. O-O Ne4 13. Nxe4 fxe4 14. Bg4
Bxg4 15. Nxg4 Rb8 16. Qa4 Qc7 17. b4 a6 18. Qb3 Bd6 19. a4 h5 20. Ne5 Bxe5 21.
dxe5 Qxe5 22. b5 h4 23. Rab1 h3 24. g3 c5 25. b6 c4 26. Qd1 Rbd8 27. f4 exf3 28.
Rxf3 Qe4 29. Rxf8+ Rxf8 30. Qh5+ Kg8 0-1

[Event "AUTO-OPEN-2187"]
[Site "http://www.queenalice.com/game.php?id=867826"]
[Date "2010.12.4"]
[Round "1"]
[White "MrEnroque"]
[Black "sephiras"]
[Result "1-0"]
[WhiteElo "1696"]
[BlackElo "1404"]

1. e4 e5 2. Nf3 Nc6 3. Bb5 Nf6 4. c3 Bc5 5. d4 exd4 6. Bxc6 dxc6 7. cxd4 Ng4 8.
O-O Be7 9. Nc3 O-O 10. e5 c5 11. dxc5 Bxc5 12. Bg5 Qxd1 13. Raxd1 f6 14. exf6
Nxf2 15. Rxf2 Bxf2+ 16. Kxf2 gxf6 17. Bf4 Bg4 18. Bxc7 Rac8 19. Ba5 b6 20. Bb4
Rfd8 21. Rxd8+ Rxd8 22. Ne4 Bxf3 23. Kxf3 Rd3+ 24. Ke2 Rd4 25. Nxf6+ Kg7 26. Bc3
Ra4 27. a3 1-0

[Event "AUTO-OPEN-2187"]
[Site "http://www.queenalice.com/game.php?id=867827"]
[Date "2010.12.4"]
[Round "1"]
[White "sephiras"]
[Black "MrEnroque"]
[Result "0-1"]
[WhiteElo "1409"]
[BlackElo "1691"]

1. d4 d5 2. c4 e6 3. Nc3 Nf6 4. Bg5 Be7 5. e3 O-O 6. Nf3 b6 7. a3 a5 8. Be2 Bb7
9. O-O h6 10. Bh4 Ne4 11. Nxe4 Bxh4 12. cxd5 exd5 13. Nc5 bxc5 14. Nxh4 Qxh4 15.
Qb3 Bc6 16. Qc2 cxd4 17. exd4 Qxd4 18. Rad1 Qf6 19. Bf3 d4 20. Bxc6 Nxc6 21. Rd3
Rfd8 22. Rf3 Qg6 23. Qc4 Ne5 24. Qb3 Nxf3+ 25. Qxf3 Ra6 26. Rd1 d3 0-1

[Event "AUTO-OPEN-2187"]
[Site "http://www.queenalice.com/game.php?id=867840"]
[Date "2010.12.4"]
[Round "1"]
[White "aknightout"]
[Black "sephiras"]
[Result "1-0"]
[WhiteElo "2009"]
[BlackElo "1421"]

1. e4 e5 2. Nf3 Nc6 3. d3 Bc5 4. g3 d6 5. Bg2 Bg4 6. O-O Nd4 7. Nbd2 Nf6 8. c3
Nxf3+ 9. Nxf3 O-O 10. h3 Bxf3 11. Bxf3 c6 12. Bg5 h6 13. Bd2 d5 14. exd5 cxd5
15. b4 1-0

[Event "AUTO-OPEN-2187"]
[Site "http://www.queenalice.com/game.php?id=867841"]
[Date "2010.12.4"]
[Round "1"]
[White "sephiras"]
[Black "aknightout"]
[Result "0-1"]
[WhiteElo "1421"]
[BlackElo "2011"]

1. d4 d6 2. c4 Nf6 3. Bf4 g6 4. Nc3 Bg7 5. c5 Nc6 6. Qa4 O-O 7. Nf3 Re8 8. e4 e5
9. Bg5 h6 10. Bh4 g5 11. Bg3 exd4 12. Nd5 Nxd5 13. Bd3 Ndb4 14. Bb5 Rxe4+ 0-1

[Event "Challenge"]
[Site "http://www.queenalice.com/game.php?id=868588"]
[Date "2010.12.6"]
[Round "-"]
[White "montelo"]
[Black "sephiras"]
[Result "1-0"]
[WhiteElo "2152"]
[BlackElo "1355"]

1. e4 e5 2. Qh5 Nf6 3. Qxe5+ Qe7 4. Qxc7 Qxe4+ 5. Ne2 Na6 6. Qc3 Nd5 7. Qb3 Nf4
8. f3 Qe5 9. d4 Nc5 10. Qc4 Qe6 11. Qb5 a6 12. Qa5 Ncd3+ 13. cxd3 Nxd3+ 14. Kd1
Nf2+ 15. Kc2 Qg6+ 16. Kd2 Nxh1 17. Nf4 Qh6 18. Ke2 Qxh2 19. Nd5 Ng3+ 20. Kf2 Bd6
21. Ne3 Nxf1 22. Nxf1 Qh4+ 23. Ke3 O-O 24. Kd3 Qh1 25. Qe1 b5 26. Bd2 Qxg2 27.
Qd1 Qg6+ 28. Ke2 Bb7 29. Nc3 Rae8+ 30. Kf2 Re7 31. Be3 Rfe8 32. Qb3 Rxe3 33.
Nxe3 Qg3+ 34. Ke2 1-0

[Event "Challenge"]
[Site "http://www.queenalice.com/game.php?id=868589"]
[Date "2010.12.6"]
[Round "-"]
[White "sephiras"]
[Black "montelo"]
[Result "0-1"]
[WhiteElo "1355"]
[BlackElo "2151"]

1. d4 c6 2. c4 e5 3. Qd3 Na6 4. Qe4 f6 5. dxe5 Qa5+ 6. Nd2 fxe5 7. a3 d6 8. b4
Nxb4 9. Nb3 Qa4 10. Rb1 Na2 11. Qc2 Nxc1 12. Qxc1 Bf5 13. Rb2 Qxa3 14. Qa1 Qb4+
15. Nd2 Qc5 16. e4 Bg6 17. Rxb7 Ne7 18. Qb1 d5 19. cxd5 cxd5 20. Qb5+ Nc6 21.
Qxc5 Bxc5 22. Bb5 Rc8 23. exd5 Be4 24. Nxe4 O-O 25. Nxc5 Nd4 26. Ne6 Rf7 27.
Rxf7 Kxf7 28. Nxd4 exd4 29. Ne2 a5 30. O-O Rb8 31. Nxd4 Kf6 32. Re1 Rc8 33. d6
Rd8 34. d7 Kf7 0-1

[Event "Blitz!"]
[Site "http://www.queenalice.com/game.php?id=869710"]
[Date "2010.12.9"]
[Round "-"]
[White "sephiras"]
[Black "Scaracioli"]
[Result "0-1"]
[WhiteElo "1397"]
[BlackElo "1648"]

1. d4 d5 2. c4 dxc4 3. Nc3 c6 4. Bf4 Nf6 5. e3 h6 6. Bxc4 b5 7. Be2 g5 8. Be5
Nbd7 9. Bg4 h5 10. Bxd7+ Bxd7 11. Nf3 Bh6 12. O-O Bg4 13. h3 Bxf3 14. Qxf3 g4
15. Qxc6+ Kf8 16. Ne4 Bg7 17. Nxf6 exf6 18. Bc7 Qc8 19. Rac1 Kg8 20. Rc5 a6 21.
Rfc1 Kh7 22. hxg4 hxg4 23. Qe4+ f5 24. Qf4 Qe6 25. Qh2+ Bh6 26. Rc6 Qd7 27.
Rxh6+ Kg7 0-1

[Event "AUTO-OPEN-2192"]
[Site "http://www.queenalice.com/game.php?id=870217"]
[Date "2010.12.10"]
[Round "1"]
[White "luiz_antonio"]
[Black "sephiras"]
[Result "1-0"]
[WhiteElo "1899"]
[BlackElo "1411"]

1. e4 e5 2. Bc4 Bc5 3. c3 Nf6 4. d4 exd4 5. cxd4 Bb4+ 6. Bd2 Bxd2+ 7. Nxd2 d5 8.
exd5 Nxd5 9. Qf3 Qe7+ 10. Ne2 c6 11. Bxd5 cxd5 12. Qxd5 O-O 13. f3 Be6 14. Qe4
1-0

[Event "AUTO-OPEN-2192"]
[Site "http://www.queenalice.com/game.php?id=870218"]
[Date "2010.12.10"]
[Round "1"]
[White "sephiras"]
[Black "luiz_antonio"]
[Result "0-1"]
[WhiteElo "1413"]
[BlackElo "1897"]

1. d4 g6 2. Nf3 Bg7 3. c4 Nc6 4. Nc3 d6 5. Bf4 Bg4 6. d5 Bxc3+ 7. bxc3 Bxf3 8.
exf3 Ne5 9. Bd3 Nxd3+ 10. Qxd3 Qd7 11. O-O Nf6 12. Rae1 Nh5 13. Bg5 f6 14. Bh6
g5 0-1

[Event "AUTO-OPEN-2192"]
[Site "http://www.queenalice.com/game.php?id=870241"]
[Date "2010.12.10"]
[Round "1"]
[White "mjKoviak"]
[Black "sephiras"]
[Result "1-0"]
[WhiteElo "1676"]
[BlackElo "1434"]

1. e4 Nc6 2. Bc4 Nf6 3. Nc3 e6 4. d3 Bb4 5. Bd2 d5 6. Bb5 d4 7. Bxc6+ bxc6 8.
Na4 Bxd2+ 9. Qxd2 O-O 10. Nf3 Bb7 11. Nc5 Rb8 12. O-O Qe7 13. Qb4 Ba6 14. Qxd4
Rfd8 15. Qe5 Ng4 16. Qc3 Bb5 17. a4 Bxd3 18. cxd3 1-0

[Event "AUTO-OPEN-2192"]
[Site "http://www.queenalice.com/game.php?id=870242"]
[Date "2010.12.10"]
[Round "1"]
[White "sephiras"]
[Black "mjKoviak"]
[Result "0-1"]
[WhiteElo "1427"]
[BlackElo "1682"]

1. d4 e6 2. Nf3 c5 3. c4 cxd4 4. Bf4 Nc6 5. e4 Bb4+ 6. Nbd2 Na5 7. a3 Bxd2+ 8.
Nxd2 d6 9. e5 dxe5 10. Bxe5 Nf6 11. b4 Nc6 12. Bxf6 Qxf6 13. Ne4 Qe5 14. Qg4 O-O
15. Bd3 f5 16. Qh4 fxe4 0-1

[Event "AUTO-OPEN-2192"]
[Site "http://www.queenalice.com/game.php?id=870257"]
[Date "2010.12.10"]
[Round "1"]
[White "sephiras"]
[Black "xmballd"]
[Result "0-1"]
[WhiteElo "1383"]
[BlackElo "1888"]

1. b3 c5 2. Bb2 Nc6 3. e3 Nf6 4. g3 e5 5. Bg2 d5 6. d3 h5 7. Nd2 h4 8. Qe2 Nb4
9. Qd1 d4 10. exd4 cxd4 11. Nc4 Qc7 12. Ba3 a5 13. Qe2 Nd7 14. Bh3 f6 15. f4 Bd6
16. fxe5 Nxe5 17. Nxd6+ Qxd6 18. Bxb4 Qxb4+ 19. Kf2 Bxh3 20. Nxh3 hxg3+ 21. hxg3
Qc3 22. Nf4 O-O-O 23. Nd5 Qc5 24. Rxh8 Rxh8 25. Nf4 Qc6 26. Qe4 Qxc2+ 27. Qe2
Nxd3+ 28. Nxd3 Rh2+ 29. Kg1 Qxe2 0-1

[Event "AUTO-OPEN-2192"]
[Site "http://www.queenalice.com/game.php?id=870258"]
[Date "2010.12.10"]
[Round "1"]
[White "xmballd"]
[Black "sephiras"]
[Result "1-0"]
[WhiteElo "1910"]
[BlackElo "1397"]

1. e4 c5 2. Nf3 Nc6 3. d4 cxd4 4. Nxd4 g6 5. c4 Bg7 6. Be3 d6 7. Be2 Nxd4 8.
Bxd4 Qa5+ 9. Nc3 e5 10. Be3 f5 11. Qxd6 f4 12. Bd2 Bd7 13. Nd5 Qd8 14. Nc7+ Kf7
15. Nxa8 Qe7 16. Qxe7+ Nxe7 17. Nc7 a6 18. Bb4 Bc6 19. Bxe7 Kxe7 20. Nd5+ Bxd5
21. cxd5 Rc8 22. Kd2 Bh6 23. f3 Kd6 24. Rac1 1-0

[Event "Challenge"]
[Site "http://www.queenalice.com/game.php?id=873214"]
[Date "2010.12.17"]
[Round "-"]
[White "sephiras"]
[Black "Admilton"]
[Result "1-0"]
[WhiteElo "1355"]
[BlackElo "1423"]

1. d4 d5 2. c4 c6 3. Nc3 b6 4. Nf3 f6 5. Bf4 g5 6. Bg3 Be6 7. cxd5 cxd5 8. Nb5
Bd7 9. Nc7+ Kf7 10. Qb3 Nc6 11. Nxa8 Qxa8 12. Qxd5+ Ke8 13. e3 Nb4 14. Qxa8+ 1-0

[Event "Firefox!"]
[Site "http://www.queenalice.com/game.php?id=951369"]
[Date "2011.6.18"]
[Round "-"]
[White "sephiras"]
[Black "xmballd"]
[Result "1-0"]
[WhiteElo "1421"]
[BlackElo "1989"]

1. d4 Nf6 2. c4 e6 3. Nc3 Bb4 4. e3 O-O 5. Nf3 d5 6. Bd3 dxc4 7. Bxc4 a6 8. O-O
c5 9. dxc5 Bxc3 10. bxc3 Qa5 11. Qb3 Qxc5 12. Ba3 Qh5 13. Bxf8 Kxf8 14. Rad1 Nc6
15. Qb6 Qa5 16. Qxa5 Nxa5 17. Ne5 Nxc4 18. Nxc4 Ke7 19. Nb6 Rb8 20. Rd4 e5 21.
Rc4 Be6 22. Rc5 Kd6 23. Ra5 Kc7 24. Na4 b5 25. Nc5 Kb6 26. Nxa6 Rc8 27. Ra3 Ra8
28. Rd1 Ne8 29. c4 Bxc4 30. Rc3 Kxa6 31. Ra3+ 1-0